000
00284 a2200109 4500
001
50859
040
_c
Anchieta - Pituba
240
1
0
_a
Festival artístico de redação 2010
_l
245
1
0
_a
Festival artístico de redação 2010
650
4
_a
Línguas espanhola e portuguesa
942
_c
MX
999
_c
50859
_d
50859